000 01675cam a22004577a 4500
001 000094717
003 CHAP
005 20220329143040.0
008 051021d2005 mx a r 00110 spa d
010 _a91183
011 _a92155
035 _a102718
040 _cCHAP
090 _aTesis
100 0 0 _aMayo Díaz, Obdulio.
_973252
245 1 0 _aProyecto de una presa derivadora tipo indio con gaviones /
_c/por Obdulio Mayo Díaz y Jesús Sánchez Guzmán.
260 _aChapingo, Méx. :
_bEl autor,
_c2005.
300 _a139 h. :
_bilus. ; gráfs.
502 _aTesis (Ing. en Irrigación) -- UACH. Departamento de Irrigación
590 _aALEPH
_b10
_c20130110
_lUCH01
_h1507
590 _aBATCH-UPD
_b10
_c20130110
_lUCH01
_h0548
590 _aBATCH-UPD
_b10
_c20130410
_lUCH01
_h0230
590 _aBATCH-UPD
_b10
_c20130914
_lUCH01
_h1641
590 _aBATCH-UPD
_b10
_c20140324
_lUCH01
_h1452
590 _aBATCH-UPD
_b10
_c20141002
_lUCH01
_h0827
590 _aCONVERSION
_b10
_c20130109
_lUCH01
_h1350
590 _aE11695DGD
_b10
_c20190623
_lUCH01
_h1018
590 _aE11695DGD
_b10
_c20190623
_lUCH01
_h1019
590 _aE12093SGE
_b10
_c20130612
_lUCH01
_h0903
650 1 4 _aIngeniería civil.
_958214
650 1 4 _aIngeniería hidráulica.
_958235
650 1 4 _aPresas
_xOaxaca.
_991498
700 0 _aSánchez Guzmán, Jesús.
_9107583
856 _3Finding aid
_uhttp://10.13.5.2/tesis/102718.pdf
_zTeclea aquí
901 _aBK
905 _aAlejandra Carrasco M.
942 _cCD
942 _n0
949 _aTesis
_bBC
_cTES
_d1027181
_eTS1
_gI. DonaciØn
_h44067
_i102718
_sb
949 _aTesis
_bBC
_cTES
_d33724000971198
_eTS2
_fc.2
_gI. DonaciØn
_h44068
_i102718
_si
999 _c91183
_d91183